000 00220nam a2200097Ia 4500
008 240331s9999 xx 000 0 und d
082 _bPER
100 _aPerera, M
245 0 _aStudy of female headed households
942 _cL
999 _c2206
_d2206